000 00387nam a2200145 a 4500
005 20140513081053.0
008 090910s19uu xx 00 eng d
020 _a0-7214-0757-9
050 _aKit
_bWIN 1983
245 _aThe Wind in the willows /
_cCollins, Joan.
260 _aEngland :
_bLadybird,
_c1983.
300 _a50p.
440 _aLadybird childrens classics
999 _c116409
_d116409